Business research methods (Record no. 396979)

MARC details
000 -LEADER
fixed length control field 00636 a2200241 4500
005 - DATE & TIME
control field 20260406123957.0
008 - FIXED-LENGTH DATA ELEMENTS--GENERAL INFORMATION
fixed length control field 260403b |||||||| |||| 00| 0 eng d
020 ## - ISBN
International Standard Book Number 9789364441223
Price Rs. 1150.00
040 ## - CATALOGING SOURCE
Original cataloging agency VIVEKANANDA LIBRARY
082 ## - DDC NUMBER
Classification number 658.0072
Book Number S34B(14)
100 ## - MAIN ENTRY--PERSONAL NAME
Personal name Schindler, Pamela S
245 ## - TITLE STATEMENT
Title Business research methods
250 ## - EDITION STATEMENT
Edition statement 14th
260 ## - PUBLICATION, DISTRIBUTION, ETC. (IMPRINT)
Name of publisher, distributor, etc McGraw Hill Education (India)
Place of publication, distribution, etc Chennai
Date of publication, distribution, etc 2026
300 ## - PHYSICAL DESCRIPTION
Pages xxix, 662
650 ## - Subject
Subject Management
650 ## - Subject
Subject General Management
650 ## - Subject
Subject Research Methods
650 ## - Subject
Subject Business Research
700 ## - Added Entry Personal Name
Added Entry Personal Name Gumte, Kapil
700 ## - Added Entry Personal Name
Added Entry Personal Name Maheshwari, Pratik
942 ## - ADDED ENTRY ELEMENTS (KOHA)
Koha item type Books
Holdings
Withdrawn status Lost status Source of classification or shelving scheme Damaged status Not for loan Location (home branch) Sublocation or collection (holding branch) Shelving location Date acquired Koha issues (times borrowed) Koha full call number Accession No. Koha date last seen Koha item type
    Dewey Decimal Classification     VIVEKANANDA LIBRARY VIVEKANANDA LIBRARY IMSAR Library 30/03/2026   658.0072 S34B(14) 420984 30/03/2026 Books
    Dewey Decimal Classification     VIVEKANANDA LIBRARY VIVEKANANDA LIBRARY IMSAR Library 30/03/2026   658.0072 S34B(14) 420985 30/03/2026 Books
    Dewey Decimal Classification     VIVEKANANDA LIBRARY VIVEKANANDA LIBRARY IMSAR Library 30/03/2026   658.0072 S34B(14) 420987 30/03/2026 Books
    Dewey Decimal Classification     VIVEKANANDA LIBRARY VIVEKANANDA LIBRARY IMSAR Library 30/03/2026   658.0072 S34B(14) 420983 30/03/2026 Books
    Dewey Decimal Classification     VIVEKANANDA LIBRARY VIVEKANANDA LIBRARY IMSAR Library 30/03/2026   658.0072 S34B(14) 420986 30/03/2026 Books
© Designed and Maintained by Vivekananda Library, MDU Rohtak